000 00460nam a2200157 i 4500
001 57496
003 ES-MaACL
005 20230906163605.0
007 t|
008 031016s1962 sp ||||1| spa d
100 1 _aDolado Gonzalo, Juan José.
_945007
245 1 0 _aMercancías
_b: (productos comerciales elaborados) /
_cJuan José Dolado.
260 _aMadrid :
_b[s.n.,
_c1962]
300 _a476 p. :
_bil. ;
_c21 cm.
852 _aES-MaACL
_jC-22569
_bR.51039
999 _c57496
_d57496